Score 0/32 Timer 10:00
0 Plays Today
Hint Name % Correct
Killed Nymphadora TonksBellatrix Lestrange
99%
A member of Voldemort's Inner CircleLucius Malfoy
99%
Only known underage Death EaterDraco Malfoy
97.5%
Father of a Slytherin in Harry's yearCrabbe
95.4%
Father of a Slytherin in Harry's yearGoyle
95.2%
Killed Albus DumbledoreSeverus Snape
94.4%
Brother of the previousRodolphus Lestrange
91.1%
Taught Dark Arts at HogwartsAmycus Carrow
89%
First person ever to escape AzkabanBarty Crouch Jr
89%
Former member of the Order of the PhoenixPeter Pettigew
89%
Taught Muggle Studies at HogwartsAlecto Carrow
88.6%
Brother-in-law of the previousRabastan Lestrange
88.2%
Found out about the horcruxesRegulus Arcturus Black
87.8%
Turned in several fellow Death Eaters to the WizengamotIgor Karkaroff
83%
One of the earliest Death EatersLestrange
82.8%
One of the murderers of Gideon and Fabian PrewettAntonin Dolohov
77.8%
Hint Name % Correct
Head of the Department of Magical Law EnforcementCorban Yaxley
77.8%
Executioner for the Committee for the Disposal of Dangerous CreaturesWalden Macnair
75.2%
Father of a Slytherin in Harry's yearNott
64.6%
Former Unspeakable at the Department of MysteriesAugustus Rookwood
64%
One of the earliest Death EatersAvery
61.3%
Was present at the graveyardAvery
61.3%
Tracked Harry and friends to a café on Tottenham Court RoadThorfinn Rowle
51.1%
Fought in the ambush at the Lovegood houseTravers
51.1%
One of the earliest Death EatersMulciber
44.5%
Attempted to use Dark Magic on Mary MacdonaldMulciber
44.5%
Killed by Alastor 'Mad-Eye' MoodyEvan Rosier
41.2%
Killed in the Battle of the Astronomy TowerGibbon
40.4%
One of the earliest Death EatersRosier
40.2%
Fought in the Battle of the Seven PottersSelwyn
33.3%
Fought in the Battle of the Department of MysteriesJugson
31.5%
Resisted arrest and was killed by the AurorsWilkes
25.3%
Remove Ads.
Support Sporcle.
Get the best of Sporcle when you Go Orange. This ad-free experience offers more features, more stats, and more fun while also helping to support Sporcle. Thank you for becoming a member.

You're not logged in!

Compare scores with friends on all Sporcle quizzes.
OR
Log In

Show Comments

Extras

Created Oct 1, 2019ReportNominate
Tags:Harry Potter Quiz

Top Quizzes Today


Score Distribution

Your Account Isn't Verified!

In order to create a playlist on Sporcle, you need to verify the email address you used during registration. Go to your Sporcle Settings to finish the process.

Report this User

Report this user for behavior that violates our Community Guidelines.

Details: